000 00321nam a22001457a 4500
008 221208b ||||| |||| 00| 0 eng d
020 _a2901133950546
041 _aeng
080 _29 EDITION
_a51
082 _a51LAR
100 _a22.2
101 _aMATE
245 _aHYBRID PRECALCULUS
_cLARSON R
942 _2udc
_cBK
999 _c59133
_d59133